<?xml version="1.0" encoding="UTF-8"?>
<marc:record xmlns:marc="http://www.loc.gov/MARC21/slim">
   <marc:leader>00000nam a2200000 a 4500</marc:leader>
   <marc:datafield ind1="1" ind2=" " tag="100">
      <marc:subfield code="a">McPartlin, Anna</marc:subfield>
      <marc:subfield code="4">aut</marc:subfield>
      <marc:subfield code="e">Verfasser/-in</marc:subfield>
   </marc:datafield>
   <marc:datafield ind1="1" ind2=" " tag="100">
      <marc:subfield code="a">Fell, Karolina</marc:subfield>
      <marc:subfield code="4">aut</marc:subfield>
      <marc:subfield code="e">Verfasser/-in</marc:subfield>
   </marc:datafield>
   <marc:datafield ind1=" " ind2=" " tag="653">
      <marc:subfield code="a">Vermisst</marc:subfield>
   </marc:datafield>
   <marc:datafield ind1="0" ind2="0" tag="245">
      <marc:subfield code="a">Was aus Liebe geschieht</marc:subfield>
   </marc:datafield>
   <marc:datafield ind1="0" ind2="0" tag="245">
      <marc:subfield code="c">Anna McPartlin ; Karolina Fell</marc:subfield>
   </marc:datafield>
   <marc:datafield ind1=" " ind2="1" tag="264">
      <marc:subfield code="a">Reinbek</marc:subfield>
      <marc:subfield code="b">Rowohlt Taschenbuch Verl.</marc:subfield>
      <marc:subfield code="c">2010</marc:subfield>
   </marc:datafield>
   <marc:datafield ind1=" " ind2=" " tag="250">
      <marc:subfield code="a">2.</marc:subfield>
   </marc:datafield>
   <marc:datafield ind1="1" ind2=" " tag="520">
      <marc:subfield code="a">In jedem Abschied steckt ein neuer Anfang Das Licht geht aus, ein Fahrstuhl bleibt stecken. Als der Strom wieder da ist, haben sich die Leben von Tom, Ellen, Leslie und Jane für immer verbunden. Seit drei Monaten gilt Toms Frau Alexandra als vermisst. Aber er will die Hoffnung nicht aufgeben, sie doch noch zu finden. Sein Schicksal berührt die drei Frauen zutiefst. Denn sie alle kennen die dunklen Seiten des Lebens: Leslie, die ihre Großmutter, die Eltern und beide Schwestern durch Krebs verloren hat. Ellen mit ihren Depressionen. Und Jane, die als Teenager schwanger wurde und alle Träume für ihre Familie opfern musste. Die drei beschließen, Tom bei seiner Suche zu helfen. Denn das einzig wahre Unglück wäre, die Hoffnung zu verlieren. Ein neuer großer Roman der Autorin von «Weil du bei mir bist»</marc:subfield>
   </marc:datafield>
   <marc:datafield ind1=" " ind2=" " tag="020">
      <marc:subfield code="a">9783499254819</marc:subfield>
      <marc:subfield code="9">9783499254819</marc:subfield>
   </marc:datafield>
   <marc:datafield ind1=" " ind2=" " tag="020">
      <marc:subfield code="a">3499254816</marc:subfield>
      <marc:subfield code="9">3499254816</marc:subfield>
   </marc:datafield>
   <marc:datafield ind1=" " ind2=" " tag="500">
      <marc:subfield code="a">ins Deutsche übersetzt</marc:subfield>
   </marc:datafield>
   <marc:datafield ind1=" " ind2=" " tag="300">
      <marc:subfield code="a">419 S.</marc:subfield>
   </marc:datafield>
</marc:record>
